La política exterior en el proceso de recuperación de la soberanía panameña sobre el canal: 1970-1980

Kaydedildi:
Detaylı Bibliyografya
Yazar: Moreno, Cecilia
Müşterek Yazar: CSUCA. Programa de Política Exterior
Materyal Türü: Metin
Baskı/Yayın Bilgisi: San José: CSUCA
Etiketler: Etiketle
Etiket eklenmemiş, İlk siz ekleyin!

MARC

LEADER 00000 a a2200000 04500
001 21164
003
040
090 |a 092000  
100 |a Moreno, Cecilia  
110 |a CSUCA. Programa de Política Exterior  
245 |a La política exterior en el proceso de recuperación de la soberanía panameña sobre el canal: 1970-1980  
260 |a San José:   |b CSUCA  
300 |a 71 p.  
999 |c 1958  |d 1958